Loading...
| History - World History | 0 | 8 | 1 | 0 | 75 | 41 | 57.00 | 4 | 8 |
| Literature - European Literature | 0 | 8 | 1 | 0 | 75 | 40 | 84.75 | 2 | 7 |
| History - European History | 0 | 7 | 1 | 1 | 65 | 18 | 53.71 | 5 | 7 |
| Religion | 0 | 6 | 1 | 1 | 55 | 59 | 87.17 | 0 | 3 |
| Fine Arts - Classical Music | 0 | 6 | 1 | 3 | 55 | 102 | 125.67 | 0 | 0 |
| Literature - British Literature | 0 | 6 | 1 | 0 | 55 | 51 | 85.83 | 2 | 5 |
| Literature - American Literature | 0 | 5 | 0 | 1 | 50 | 52 | 97.00 | 1 | 5 |
| History - Other History | 0 | 5 | 1 | 0 | 45 | 66 | 84.80 | 3 | 4 |
| History - American History | 0 | 5 | 1 | 1 | 45 | 47 | 61.00 | 1 | 5 |
| Fine Arts - Painting and Sculpture | 0 | 4 | 0 | 0 | 40 | 69 | 86.00 | 1 | 3 |
| Literature - World Literature | 0 | 4 | 1 | 0 | 35 | 33 | 50.25 | 3 | 4 |
| Philosophy | 0 | 4 | 1 | 1 | 35 | 49 | 89.00 | 0 | 3 |
| Social Science | 0 | 2 | 0 | 1 | 20 | 80 | 102.50 | 0 | 1 |
| Mythology | 0 | 2 | 0 | 1 | 20 | 63 | 93.50 | 0 | 1 |
| Current Events | 0 | 2 | 0 | 0 | 20 | 59 | 62.50 | 2 | 2 |
| Fine Arts - Other Fine Arts | 0 | 2 | 2 | 0 | 10 | 59 | 98.50 | 1 | 1 |
| Science - Biology | 0 | 1 | 0 | 0 | 10 | 75 | 75.00 | 0 | 0 |
| Science - Other Science | 0 | 1 | 0 | 0 | 10 | 110 | 110.00 | 0 | 1 |
| Other Academic | 0 | 1 | 0 | 0 | 10 | 112 | 112.00 | 1 | 1 |
| Geography | 0 | 1 | 1 | 0 | 5 | 65 | 65.00 | 1 | 1 |
| Pop Culture | 0 | 1 | 1 | 0 | 5 | 97 | 97.00 | 0 | 1 |